书目信息 |
| 题名: |
农民用水户协会会计实务操作指南
|
|
| 作者: | 水利部农村水利司 编著 | |
| 分册: | ||
| 出版信息: | 北京 水利水电出版社 2007.08 |
|
| 页数: | 62页 | |
| 开本: | 20cm | |
| 丛书名: | ||
| 单 册: | ||
| 中图分类: | F302.6 | |
| 科图分类: | ||
| 主题词: | 农业经济学 | |
| 电子资源: | ||
| ISBN: | 978-7-5084-4736-0 | |
| 000 | 00628nam0 2200205 45 | |
| 001 | 0958337117 | |
| 005 | 20090929161352.03 | |
| 010 | @a978-7-5084-4736-0@dCNY9.00 | |
| 100 | @a20090515d2007 ekmy0 y0120 ea | |
| 102 | @aCN@b130000 | |
| 105 | @ay z 000yy | |
| 200 | 1 | @a农民用水户协会会计实务操作指南@f水利部农村水利司编著@Fshui li bu nong cun shui li si bian zhu |
| 210 | @a北京@c水利水电出版社@d2007.08 | |
| 215 | @a62页@d20cm | |
| 606 | 0 | @a农业经济学 |
| 690 | @aF302.6@v4 | |
| 701 | 0 | @a水利部农村水利司@Ashui li bu nong cun shui li si@4编著 |
| 801 | 0 | @aCN@c20090929 |
| 905 | @a10447@dF302.6@eS673 | |
| 906 | @d9@n3@r1 | |
| 农民用水户协会会计实务操作指南/水利部农村水利司编著.-北京:水利水电出版社,2007.08 |
| 62页;20cm |
| ISBN 978-7-5084-4736-0:CNY9.00 |
| ● |
| 相关链接 |
|
|
|
正题名:农民用水户协会会计实务操作指南
索取号:F302.6/S673
 
预约/预借
| 序号 | 登录号 | 条形码 | 馆藏地/架位号 | 状态 | 备注 |
| 1 | 894167 | 208941671 | 社科库409/409社科库 51排6列1层/ [索取号:F302.6/S673] | 在馆 | |
| 2 | 894168 | 208941680 | 社科库409/409社科库 51排6列1层/ [索取号:F302.6/S673] | 在馆 | |
| 3 | 894169 | 208941699 | 社科库409/409社科库 32排5列4层/ [索取号:F302.6/S673] | 在馆 |